000 00811nam a2200205 a 4500
005 20210219160149.0
008 080919s2000 mx r 000 0 spa d
035 _aUPN01000159876
049 _aUNE
080 _aDO 37.014. 22 (7/8)=20 1984REG 1a.
111 2 _aReunión del Comité Regional Intergubernamental del ProyectoPrincipal en la Esfera de la Educación en América Latina yel Caribe, 1984 : México.
245 1 2 _aA Regional information system for the major project in the field of education inLatin America and the Caribbean.
260 _aParis : UNESCO, 1984
300 _a67 p.
440 0 _aED-84/PROMEDLAC/REF. 1
690 _aProyectos educacionales- America Latina
690 _aMetas de la educacion-Proyectos educacionales-America Latina
710 2 _aUNESCO
905 _aUNESCO
999 _c131990
_d131990